[Event "London Classic Open 2015"]
[Site "London ENG"]
[Date "2015.12.05"]
[Round "2.76"]
[White "Abrahams, Daniel"]
[Black "Rovai, Andrea"]
[Result "1/2-1/2"]
[WhiteElo "2111"]
[BlackElo "1839"]
[WhiteFideId "2606879"]
[BlackFideId "2833072"]
[EventDate "2015.12.04"]

1. e4 c6 2. d4 d5 3. Nd2 dxe4 4. Nxe4 Nf6 5. Nxf6+ gxf6 6. c3 Bf5 7. Nf3 e6 8.
g3 Qd5 9. Bg2 Qc4 10. Qb3 Qxb3 11. axb3 Be4 12. Be3 Nd7 13. O-O Bd6 14. Rfe1 f5
15. Nd2 Bxg2 16. Kxg2 a6 17. Nc4 Bc7 18. Bg5 Rg8 19. Bh4 Nf8 20. Kf3 Ng6 21. Bf6
Ne7 22. Be5 O-O-O 23. Re2 Nd5 24. h3 Rg6 25. g4 fxg4+ 26. hxg4 Rdg8 27. Re4 Nf6
28. Bxf6 Rxf6+ 29. Ke3 Rh6 30. f3 Rh2 31. Kd3 h5 32. gxh5 Rgg2 33. Rg4 b5 34.
Rxa6 bxc4+ 35. Kxc4 Kb7 36. Ra1 Rxb2 37. Rg7 Rxh5 38. Rxf7 Rf5 39. Rxf5 exf5 40.
Rd1 Rf2 41. Rd3 Bd6 42. b4 Bf4 43. d5 Rd2 44. dxc6+ Kxc6 45. b5+ Kb6 46. Rd5
Rxd5 47. Kxd5 Kxb5 48. Ke6 1/2-1/2

[Event "London Classic Open 2015"]
[Site "London ENG"]
[Date "2015.12.05"]
[Round "2.77"]
[White "Simpson, Ben"]
[Black "Salimbeni, George P W"]
[Result "1-0"]
[WhiteElo "1865"]
[BlackElo "2107"]
[WhiteFideId "444405"]
[BlackFideId "404080"]
[EventDate "2015.12.04"]

1. d4 Nf6 2. Nf3 e6 3. Bg5 d5 4. Bxf6 Qxf6 5. e3 c5 6. Nbd2 Nc6 7. c3 Qe7 8. Bd3
g6 9. h4 h5 10. Qe2 Bg7 11. O-O-O O-O 12. Bc2 Rb8 13. Ne5 Bxe5 14. dxe5 Nxe5 15.
f3 b5 16. g4 hxg4 17. fxg4 b4 18. c4 Bb7 19. Rh3 dxc4 20. Nxc4 Nxc4 21. Qxc4 Bd5
22. Qf4 b3 23. axb3 Bxb3 24. Bxb3 Rxb3 25. g5 e5 26. Qg3 c4 27. h5 Rxb2 28. hxg6
Rb1+ 29. Kc2 Rb2+ 30. Kc1 fxg6 31. Qh4 Rb1+ 32. Kc2 Rb2+ 33. Kc1 Rb1+ 34. Kc2
Rf2+ 35. Qxf2 Rxd1 36. Qh4 Qd6 37. Qh8+ Kf7 38. Rh7+ Ke6 39. Qc8+ Kd5 40. Rd7
Ke4 41. Qxc4+ Kxe3 42. Rxd6 Rxd6 43. Qc5+ Rd4 44. Qxe5+ Re4 45. Qc3+ Kf4 46.
Qf6+ Kg4 47. Qxg6 Re5 48. Qa6 Kxg5 49. Qxa7 Kf4 50. Kd3 Rd5+ 51. Kc4 Re5 52. Kd4
Re4+ 53. Kd3 Re5 54. Qf7+ Rf5 55. Qc7+ Kg5 56. Ke4 Rf6 57. Qg7+ Rg6 58. Qe5+ Kh6
59. Kf4 Rg7 60. Qf6+ Kh7 61. Kf5 Kg8 62. Qe5 Kh7 63. Qe6 Kh8 64. Qe8+ Kh7 65.
Kf6 Rg1 66. Qd7+ Kg8 67. Qd8+ Kh7 68. Qc7+ Kh8 69. Qh2+ 1-0

[Event "London Classic Open 2015"]
[Site "London ENG"]
[Date "2015.12.05"]
[Round "2.78"]
[White "Jamroz, Krzysztof"]
[Black "Bin-Suhayl, Ieysaa"]
[Result "1-0"]
[WhiteElo "2103"]
[BlackElo "1828"]
[WhiteFideId "1111850"]
[BlackFideId "429031"]
[EventDate "2015.12.04"]

1. e4 e6 2. d4 d5 3. e5 c5 4. c3 Nc6 5. Nf3 Qb6 6. a3 Nh6 7. b4 cxd4 8. cxd4 Nf5
9. Bb2 Be7 10. Bd3 O-O 11. O-O g6 12. Bxf5 exf5 13. Nc3 Be6 14. Qd2 Kg7 15. Bc1
Kg8 16. Rd1 Rac8 17. Qd3 f6 18. Bh6 Rfd8 19. Rac1 fxe5 20. dxe5 Qc7 21. Na4 Qb8
22. Re1 b6 23. Bf4 Rd7 24. Nc3 Kg7 25. Nb5 Kf7 26. Nd6+ Bxd6 27. Ng5+ Kg8 28.
exd6 Bf7 29. Nxf7 Rxf7 30. Qxd5 Re8 31. Qxc6 Rxe1+ 32. Rxe1 Rf8 33. Re7 Rc8 34.
Qd5+ Kh8 35. Be5# 1-0

[Event "London Classic Open 2015"]
[Site "London ENG"]
[Date "2015.12.05"]
[Round "2.79"]
[White "Asenov, Pavel"]
[Black "Fontaine, Olivier"]
[Result "1-0"]
[WhiteElo "2098"]
[BlackElo "1826"]
[WhiteFideId "433705"]
[BlackFideId "666548"]
[EventDate "2015.12.04"]

1. d4 d5 2. c4 c6 3. Nf3 Nf6 4. Qc2 e6 5. g3 Nbd7 6. Bg2 Bd6 7. O-O O-O 8. Bf4
Bb8 9. Nbd2 Re8 10. Rad1 Qe7 11. Bxb8 Rxb8 12. e4 dxe4 13. Nxe4 Nxe4 14. Qxe4 c5
15. Rfe1 cxd4 16. Nxd4 Nf6 17. Qe5 Nd7 18. Qe3 Qc5 19. Nb5 Qxe3 20. Rxe3 a6 21.
Nd6 Re7 22. Nxc8 Rxc8 23. Bxb7 Rxc4 24. Bxa6 Rc2 25. Re2 Rc7 26. a4 g6 27. b4
Nb6 28. a5 Nd5 29. Rb2 Nc3 30. Rd8+ Kg7 31. Bf1 Ra7 32. a6 Na4 33. Rc2 e5 34.
Rd6 f5 35. b5 1-0

[Event "London Classic Open 2015"]
[Site "London ENG"]
[Date "2015.12.05"]
[Round "2.81"]
[White "Serntedakis, Athanasios"]
[Black "Kalerwa, Edwin M"]
[Result "1-0"]
[WhiteElo "2091"]
[BlackElo "1823"]
[WhiteFideId "4239423"]
[BlackFideId "422223"]
[EventDate "2015.12.04"]

1. e4 c5 2. Nc3 Nc6 3. Bb5 a6 4. Bxc6 bxc6 5. d3 d6 6. f4 g6 7. Bd2 Bg7 8. b3
Nf6 9. Nf3 O-O 10. O-O Nh5 11. f5 e5 12. fxe6 fxe6 13. e5 dxe5 14. Ne4 Nf4 15.
Be3 h6 16. Bxc5 Rf7 17. Bd6 g5 18. Nxe5 Rf5 19. d4 Qb6 20. Kh1 Bb7 21. Nc5 Bxe5
22. dxe5 Rd8 23. Nxe6 c5 24. Rxf4 gxf4 25. Qg4+ 1-0

[Event "London Classic Open 2015"]
[Site "London ENG"]
[Date "2015.12.05"]
[Round "2.83"]
[White "Fernandez Aransay, Fernando"]
[Black "Seymour, Timothy P"]
[Result "0-1"]
[WhiteElo "1826"]
[BlackElo "2080"]
[WhiteFideId "2216280"]
[BlackFideId "412112"]
[EventDate "2015.12.04"]

1. e4 e5 2. Nf3 Nc6 3. Bb5 Nge7 4. O-O g6 5. d4 exd4 6. Nxd4 Bg7 7. Nxc6 bxc6 8.
Ba4 O-O 9. c3 Rb8 10. Be3 a5 11. Qc1 d6 12. Ba7 Rb7 13. Bd4 f6 14. Bb3+ Kh8 15.
Nd2 Bd7 16. h3 Qa8 17. Nf3 Qa6 18. Rb1 c5 19. Be3 a4 20. Bc2 Be6 21. b3 axb3 22.
axb3 Rfb8 23. c4 Kg8 24. Bh6 Bh8 25. h4 Nc6 26. h5 Nd4 27. hxg6 Ne2+ 0-1

[Event "London Classic Open 2015"]
[Site "London ENG"]
[Date "2015.12.05"]
[Round "2.84"]
[White "Foord, Dominic"]
[Black "Miu, Marinel"]
[Result "1-0"]
[WhiteElo "2075"]
[BlackElo "1820"]
[WhiteFideId "415391"]
[BlackFideId "1220691"]
[EventDate "2015.12.04"]

1. d4 e6 2. c4 d5 3. Nc3 Nf6 4. cxd5 exd5 5. Bg5 Nbd7 6. e3 Be7 7. Bd3 h6 8. Bh4
c6 9. Qc2 O-O 10. Nge2 Re8 11. f3 Qa5 12. O-O Bd6 13. Bf2 Qc7 14. h3 Nh5 15. e4
Bh2+ 16. Kh1 Ng3+ 17. Bxg3 Bxg3 18. e5 Bxe5 19. dxe5 Qxe5 20. f4 Qd6 21. b3 Nc5
22. Rae1 Bd7 23. Qd2 f5 24. Bb1 Qf6 25. Nxd5 Qd6 26. b4 Ne4 27. Bxe4 Rxe4 28.
Nf6+ Qxf6 29. Qxd7 Re7 30. Qd2 Rae8 31. Ng1 Re4 32. Nf3 Rd8 33. Qc1 Rxb4 34. Ne5
Rd5 35. Rd1 Rbd4 36. Rxd4 Rxd4 37. Qb2 Re4 38. Qxb7 Qe6 39. Qxa7 Re2 40. Rf2
Re1+ 41. Kh2 Qd5 42. Qe7 Kh7 43. Qe8 Qd4 44. Qg6+ Kg8 45. Qe6+ Kh7 46. Qxf5+ Kg8
47. Qc2 Qa1 48. Nf3 Rh1+ 49. Kg3 Qf6 50. Re2 g5 51. fxg5 hxg5 52. Qd2 Qf4+ 53.
Qxf4 gxf4+ 54. Kxf4 Rc1 55. a4 Ra1 56. Re4 Kf7 57. Ne5+ Ke6 58. Nxc6+ Kd5 59.
Ne7+ Kd6 60. Nf5+ Kd7 61. g4 Rf1+ 62. Ke5 Ke8 63. h4 Kf7 64. h5 Rc1 65. g5 Rc5+
66. Kf4 Ra5 67. Rb4 1-0

[Event "London Classic Open 2015"]
[Site "London ENG"]
[Date "2015.12.05"]
[Round "2.85"]
[White "Brugo, Marco"]
[Black "Ettu, Kore"]
[Result "1-0"]
[WhiteElo "2071"]
[BlackElo "1816"]
[WhiteFideId "806609"]
[BlackFideId "439932"]
[EventDate "2015.12.04"]

1. d4 d5 2. c4 c6 3. Nc3 e5 4. dxe5 d4 5. Ne4 Qa5+ 6. Bd2 Qxe5 7. Ng3 c5 8. Nf3
Qc7 9. e3 Nc6 10. exd4 cxd4 11. Bd3 Nf6 12. O-O Be7 13. h3 O-O 14. a3 a5 15. Rc1
Bc5 16. Bg5 Nd7 17. Re1 Nde5 18. Nxe5 Nxe5 19. Bf4 f6 20. Bxe5 fxe5 21. Qh5 g6
22. Qxe5 Qxe5 23. Rxe5 Bd6 24. Rd5 Bc7 25. Re1 Ra6 26. c5 Re6 27. Rxe6 Bxe6 28.
Rxd4 Rd8 29. Rxd8+ Bxd8 30. b4 axb4 31. axb4 Bd5 32. Be4 Bc6 33. Bxc6 bxc6 34.
Ne4 Kf7 35. Kf1 Ke6 36. Ke2 Kd5 37. Kd3 Be7 38. f4 h6 39. g4 Bd8 40. Nc3+ Ke6
41. Kc4 Bc7 42. Ne2 Bb8 43. Kd4 Bc7 44. Ke4 Kf6 45. Nd4 h5 46. Nxc6 hxg4 47.
hxg4 Ke6 48. b5 Kd7 1-0

[Event "London Classic Open 2015"]
[Site "London ENG"]
[Date "2015.12.05"]
[Round "2.86"]
[White "Giakoustidis, Spiros-Avgerinos"]
[Black "Sucikova, Svetlana"]
[Result "0-1"]
[WhiteElo "1824"]
[BlackElo "2070"]
[WhiteFideId "4208668"]
[BlackFideId "14923653"]
[EventDate "2015.12.04"]

1. d4 d5 2. c4 e6 3. Nc3 c6 4. e3 Nf6 5. Nf3 Be7 6. Bd3 O-O 7. O-O Nbd7 8. b3 b6
9. Bb2 Bb7 10. Rc1 Rc8 11. Qe2 c5 12. cxd5 exd5 13. Rfd1 Qc7 14. Bf5 Rcd8 15.
dxc5 bxc5 16. Na4 Ne4 17. Nd2 Bd6 18. g3 Rfe8 19. Nxe4 dxe4 20. Qg4 Ne5 21. Bxe5
Rxe5 22. Rc4 g6 23. Bxe4 Bxe4 24. Nxc5 f5 25. Qh4 Be7 26. Qf4 0-1

[Event "London Classic Open 2015"]
[Site "London ENG"]
[Date "2015.12.05"]
[Round "2.87"]
[White "De Abreu, Roberto N"]
[Black "Verma, Aditya"]
[Result "1-0"]
[WhiteTitle "FM"]
[WhiteElo "2056"]
[BlackElo "1805"]
[WhiteFideId "14307472"]
[BlackFideId "426202"]
[EventDate "2015.12.04"]

1. d4 d5 2. c4 c6 3. Nf3 Nf6 4. Nc3 e6 5. g3 Nbd7 6. Bg2 Be7 7. O-O O-O 8. Qd3
a6 9. a4 b6 10. e4 dxe4 11. Nxe4 Nxe4 12. Qxe4 Bb7 13. Rd1 Nf6 14. Qc2 b5 15.
Ne5 Rc8 16. c5 Nd5 17. Be4 h6 18. Qe2 Bf6 19. Ng4 Bg5 20. Bxd5 Qxd5 21. Bxg5
Qxg5 22. Ne5 Rfd8 23. Qf3 f6 24. h4 Qf5 25. Qxf5 exf5 26. Nf3 Kf7 27. Ne1 Rd5
28. f4 Rcd8 29. Nc2 b4 30. a5 b3 31. Ne3 Rxd4 32. Rxd4 Rxd4 33. Nxf5 Rd2 34.
Nd6+ Ke6 35. Ra4 Rxb2 36. Rb4 Ba8 37. Nc4 Rb1+ 38. Kf2 Kd5 39. Nd2 Kxc5 40. Rb8
Rb2 41. Ke3 Kd5 42. Rd8+ Kc5 43. Rb8 Kd5 44. Rxa8 c5 45. Kd3 Ra2 46. Rd8+ Kc6
47. Nxb3 Kb5 48. Rb8+ Ka4 49. Nxc5+ Kxa5 50. Nb3+ Ka4 51. Nc5+ Ka5 52. Rb7 Rg2
53. Rxg7 1-0

[Event "London Classic Open 2015"]
[Site "London ENG"]
[Date "2015.12.05"]
[Round "2.88"]
[White "Turner, David J"]
[Black "Hagesather, Arne"]
[Result "0-1"]
[WhiteElo "1811"]
[BlackElo "2055"]
[WhiteFideId "419737"]
[BlackFideId "1502476"]
[EventDate "2015.12.04"]

1. e4 c6 2. d3 d5 3. Nd2 e5 4. Ngf3 Bd6 5. g3 Nf6 6. Bg2 O-O 7. O-O Re8 8. Re1
Qc7 9. c3 Nbd7 10. Qc2 Nf8 11. Rb1 h6 12. b4 Bd7 13. Nb3 Rad8 14. a3 b6 15. Bb2
dxe4 16. dxe4 c5 17. Qe2 c4 18. Nbd2 b5 19. Red1 Bc6 20. Ne1 Qb7 21. f3 a5 22.
Nf1 Bb8 23. Bc1 axb4 24. axb4 Rxd1 25. Qxd1 Ne6 26. Ne3 Rd8 27. Qc2 Ba7 28. Kf1
Qb6 29. Ke2 Nd4+ 30. cxd4 exd4 31. Nxc4 bxc4 32. Kd1 Qa6 33. Qb2 Ba4+ 34. Ke2 0-1

[Event "London Classic Open 2015"]
[Site "London ENG"]
[Date "2015.12.05"]
[Round "2.89"]
[White "Myall, Ivan J"]
[Black "Opasiak, Dustin Tennessee"]
[Result "1-0"]
[WhiteElo "2048"]
[BlackElo "1782"]
[WhiteFideId "425168"]
[BlackFideId "24630217"]
[EventDate "2015.12.04"]

1. e4 e6 2. d4 d5 3. e5 c5 4. c3 Bd7 5. a3 a6 6. b4 cxd4 7. cxd4 Bb5 8. Bxb5+
axb5 9. Bb2 Qg5 10. Kf1 Nc6 11. Nf3 Qd8 12. Nc3 Qb6 13. Qd3 Na7 14. Ne2 Rc8 15.
Rc1 Rxc1+ 16. Nxc1 Qc7 17. Nd2 g6 18. Ncb3 Bh6 19. Ke2 Bxd2 20. Nxd2 Ne7 21. Rc1
Nec6 22. a4 Qe7 23. axb5 Nxb4 24. Qb3 O-O 25. Ba3 Nxb5 26. Qxb4 Nxd4+ 27. Kd3
Qg5 28. Qxf8# 1-0

[Event "London Classic Open 2015"]
[Site "London ENG"]
[Date "2015.12.05"]
[Round "2.90"]
[White "York-Andersen, Anna"]
[Black "Van De Perre, Tom"]
[Result "0-1"]
[WhiteElo "1803"]
[BlackElo "2042"]
[WhiteFideId "416789"]
[BlackFideId "209040"]
[EventDate "2015.12.04"]

1. e4 e5 2. Nf3 Nf6 3. Nc3 Nc6 4. Bc4 Nxe4 5. Nxe4 d5 6. Bb5 dxe4 7. Bxc6+ bxc6
8. Nxe5 Qg5 9. d4 Qxg2 10. Rf1 Bh3 11. Qe2 Qxf1+ 12. Qxf1 Bxf1 13. Kxf1 Bd6 14.
Nxc6 Bxh2 15. d5 h5 16. Kg2 Bd6 17. Be3 a5 18. c4 f5 19. c5 Be7 20. Bd4 Rh6 21.
Be5 Bxc5 22. Bxc7 a4 23. Rd1 Bd6 24. Bxd6 Rxd6 25. Kg3 g5 26. f4 exf3 27. Kxf3
Kf7 28. Ne5+ Kf6 29. Nc4 Rdd8 30. d6 Rac8 31. b3 axb3 32. axb3 h4 33. Re1 Rxc4
34. bxc4 Rxd6 35. c5 Rd3+ 36. Kg2 Rc3 37. Ra1 Rxc5 38. Ra3 Rc2+ 39. Kh3 Rc6 40.
Rb3 Kg6 41. Rb8 Rc3+ 42. Kh2 g4 43. Rg8+ Kh5 44. Rh8+ Kg5 45. Rg8+ Kf4 46. Ra8
Rc2+ 47. Kg1 h3 48. Ra4+ Kg5 49. Ra1 g3 50. Kh1 f4 51. Ra5+ Kf6 52. Ra6+ Ke7 53.
Ra7+ Kd6 54. Ra3 Rc1# 0-1

[Event "London Classic Open 2015"]
[Site "London ENG"]
[Date "2015.12.05"]
[Round "2.91"]
[White "Praczukowski, Stanislaw"]
[Black "De Lagontrie, Jean"]
[Result "1-0"]
[WhiteElo "2038"]
[BlackElo "1776"]
[WhiteFideId "1182730"]
[BlackFideId "605271"]
[EventDate "2015.12.04"]

1. d4 d5 2. c4 c6 3. Nf3 e6 4. g3 Nf6 5. Bg2 Be7 6. O-O O-O 7. Nbd2 Nbd7 8. Qc2
dxc4 9. Nxc4 Nb6 10. Nce5 Bd7 11. e4 h6 12. Be3 Rc8 13. Rfd1 Be8 14. a4 Qc7 15.
a5 Nbd7 16. Nc4 g5 17. h4 Nh7 18. hxg5 hxg5 19. Qd2 f6 20. Bh3 Bf7 21. e5 Qd8
22. exf6 Bxf6 23. Nd6 Rc7 24. Ne4 Re8 25. Nexg5 Ndf8 26. Nxf7 Rxf7 27. Ne5 Rg7
28. Bh6 Bg5 29. Bxg5 Nxg5 30. Bg2 Qf6 31. a6 b6 32. Qe3 Rh7 33. Nxc6 Qh6 34. d5
Nh3+ 35. Bxh3 Qxh3 36. Qf3 Qh2+ 37. Kf1 Qh3+ 38. Kg1 Qh2+ 39. Kf1 Qh3+ 40. Qg2
Qxg2+ 41. Kxg2 exd5 42. Rxd5 Rc8 43. Rd6 Rhc7 44. Nd4 Rd7 45. Rxd7 Nxd7 46. Nb5
Nc5 47. Nxa7 Ra8 48. b4 Nb3 49. Ra3 Rxa7 50. Rxb3 Rxa6 51. Kf3 Kf7 52. Ke4 Ra2
53. f4 Rc2 54. Rd3 b5 55. g4 Rc1 56. Rd4 Ke7 57. Ke5 Re1+ 58. Kf5 Rb1 59. Kg6
Rc1 60. Rd5 Rc4 61. Rxb5 Rxf4 62. Kg5 Rc4 63. Kf5 Rc1 64. Re5+ Kd6 65. Re4 Rb1
66. g5 Rg1 67. Rg4 Rf1+ 68. Kg6 Ke7 69. Kg7 Rf7+ 70. Kh6 Kf8 71. g6 Rf1 72. Rc4
Rg1 73. Rc8+ 1-0

[Event "London Classic Open 2015"]
[Site "London ENG"]
[Date "2015.12.05"]
[Round "2.92"]
[White "Bullen, Alex"]
[Black "Klingher, Dominic"]
[Result "0-1"]
[WhiteElo "2026"]
[BlackElo "1758"]
[WhiteFideId "1801627"]
[BlackFideId "428850"]
[EventDate "2015.12.04"]

1. d4 Nf6 2. Nf3 g6 3. Bg5 Bg7 4. c3 O-O 5. Nbd2 d6 6. a4 c6 7. e4 Na6 8. Bxa6
bxa6 9. O-O Qc7 10. Re1 Rb8 11. Qc2 c5 12. Bh4 Bb7 13. dxc5 Qxc5 14. e5 dxe5 15.
Rxe5 Qd6 16. Rae1 e6 17. Bg3 Qc6 18. Nb3 Qb6 19. a5 Qd8 20. R5e2 Rc8 21. Rd1 Bd5
22. Ne5 Ne4 23. Ra1 Nxg3 24. hxg3 Qc7 25. Nf3 Rfd8 26. Nbd2 Qc5 27. Ne4 Qb5 28.
Ree1 Rb8 29. Reb1 Bb3 30. Qc1 Rd1+ 31. Qxd1 Bxd1 32. Rxd1 Qxb2 33. Nfd2 Qb7 34.
Nc5 Qc6 35. Nde4 Bf8 36. Nd7 Rb2 37. Nef6+ Kg7 38. Ne8+ Kh6 39. Ndf6 Bc5 40.
Ng4+ Kg5 41. Nef6 Bxf2+ 42. Kh1 Bc5 43. Rd5+ exd5 44. Re1 Qe6 0-1

[Event "London Classic Open 2015"]
[Site "London ENG"]
[Date "2015.12.05"]
[Round "2.93"]
[White "Dror, Levi"]
[Black "Feldman, Antony"]
[Result "0-1"]
[WhiteElo "1798"]
[BlackElo "2024"]
[WhiteFideId "2809583"]
[BlackFideId "2804565"]
[EventDate "2015.12.04"]

1. e4 c5 2. Nf3 e6 3. d4 cxd4 4. Nxd4 a6 5. Nc3 Qc7 6. Be3 Nf6 7. g3 Bb4 8. Bd3
Bxc3+ 9. bxc3 Qxc3+ 10. Kf1 Nc6 11. Ne2 Qa5 12. f4 b5 13. h3 Bb7 14. g4 Nb4 15.
a3 Nxd3 16. cxd3 d6 17. Rg1 O-O 18. h4 Nd7 19. g5 Qd8 20. h5 g6 21. Ng3 Qe7 22.
Ra2 Rfc8 23. Rh2 Rc7 24. Rgh1 Nf8 25. Qa1 Rac8 26. Kg1 Rc3 27. Qd1 a5 28. Bd4
Rc1 0-1

[Event "London Classic Open 2015"]
[Site "London ENG"]
[Date "2015.12.05"]
[Round "2.94"]
[White "Iyengar, Ilya"]
[Black "Chilton, James I"]
[Result "1-0"]
[WhiteElo "2023"]
[BlackElo "1742"]
[WhiteFideId "405949"]
[BlackFideId "423009"]
[EventDate "2015.12.04"]

1. d4 Nf6 2. Nf3 d5 3. c4 e6 4. Nc3 c6 5. Bg5 h6 6. Bxf6 Qxf6 7. e3 Nd7 8. Be2
Bd6 9. O-O O-O 10. Qc2 g5 11. e4 dxe4 12. Nxe4 Qe7 13. Nxd6 Qxd6 14. Rad1 c5 15.
d5 e5 16. Bd3 Qf6 17. Rfe1 g4 18. Nd2 Qg7 19. Bf5 Nb6 20. Bxc8 Raxc8 21. Qf5 f6
22. Re4 h5 23. h3 gxh3 24. Qxh3 f5 25. Rh4 Rf6 26. Rxh5 Rcf8 27. Kh2 Rg6 28. Rh1
Nd7 29. Kg1 Nf6 30. Rxf5 e4 31. Nf1 Re8 32. Ne3 Ng4 33. Nxg4 Rxg4 34. Rh5 e3 35.
Rh8+ Kf7 36. Qf3+ Qf6 37. R1h7+ Rg7 38. Rxg7+ Kxg7 39. Qxf6+ Kxf6 40. Rxe8 e2
41. Rxe2 1-0

[Event "London Classic Open 2015"]
[Site "London ENG"]
[Date "2015.12.05"]
[Round "2.95"]
[White "Dukaczewski, Piotr"]
[Black "Vakhidov, Jahongir"]
[Result "0-1"]
[WhiteTitle "IM"]
[BlackTitle "GM"]
[WhiteElo "2280"]
[BlackElo "2546"]
[WhiteFideId "1103520"]
[BlackFideId "14201801"]
[EventDate "2015.12.04"]

1. c4 e5 2. g3 Nc6 3. Bg2 Bc5 4. Nc3 a6 5. a3 Ba7 6. e3 d6 7. Nge2 Nge7 8. O-O
h5 9. h3 f5 10. d4 h4 11. b4 Ng6 12. c5 e4 13. Qb3 Nce7 14. cxd6 Qxd6 15. d5 Ne5
16. Nd4 hxg3 17. fxg3 Nd3 18. Kh2 Bd7 19. Bd2 O-O-O 20. Rab1 Rh6 21. b5 Rdh8 22.
bxa6 Rxh3+ 23. Bxh3 Qh6 24. Qxb7+ Kd8 25. Qa8+ Nc8 0-1

[Event "London Classic Open 2015"]
[Site "London ENG"]
[Date "2015.12.05"]
[Round "2.96"]
[White "Mulay, Partha"]
[Black "Mitra, Roman C"]
[Result "0-1"]
[WhiteElo "1780"]
[BlackElo "2023"]
[WhiteFideId "436038"]
[BlackFideId "419540"]
[EventDate "2015.12.04"]

1. e4 c5 2. Nc3 Nc6 3. f4 g6 4. Nf3 Bg7 5. Bb5 Nd4 6. O-O e6 7. e5 a6 8. Bd3
Nxf3+ 9. Qxf3 d5 10. exd6 Qxd6 11. Ne4 Qc7 12. c3 Ne7 13. b3 Rb8 14. Ba3 b6 15.
b4 c4 16. Bxc4 f5 17. Bd3 fxe4 18. Qxe4 b5 19. Rac1 O-O 20. c4 Qb6+ 21. Kh1 Bb7
22. Qe2 Nf5 23. Rce1 Rfe8 24. cxb5 axb5 25. Bxf5 gxf5 26. Qh5 Bd4 27. Bc1 Kh8
28. Re3 Rg8 29. Rg3 Qc6 30. Qh3 Rbc8 31. Ba3 Qc2 0-1

[Event "London Classic Open 2015"]
[Site "London ENG"]
[Date "2015.12.05"]
[Round "2.97"]
[White "Knudsen, Andre"]
[Black "Krokay, Urszula"]
[Result "0-1"]
[WhiteElo "1756"]
[BlackElo "2009"]
[WhiteFideId "1723650"]
[BlackFideId "1125508"]
[EventDate "2015.12.04"]

1. d4 Nf6 2. Bg5 Ne4 3. Bf4 d5 4. f3 Nf6 5. e4 dxe4 6. Nc3 exf3 7. Nxf3 e6 8.
Bc4 Bd6 9. Ne5 Nd5 10. O-O Nxf4 11. Rxf4 Bxe5 12. dxe5 Qxd1+ 13. Rxd1 a6 14.
Rdf1 O-O 15. Bd3 Nc6 16. Rh4 h6 17. Re4 Bd7 18. b4 Ne7 19. Rg4 Bc6 20. Ne4 Bxe4
21. Bxe4 Nd5 22. Bxd5 exd5 23. Rd1 c6 24. c4 dxc4 25. Rxc4 a5 26. Rd7 axb4 27.
Rxb7 Rxa2 28. Rbxb4 Re8 29. Re4 Rd8 30. Rbd4 Rb8 31. Rb4 Rd8 32. Red4 Re8 33.
Re4 c5 34. Rb1 Rd8 35. e6 fxe6 36. Rxe6 Rdd2 37. Rg6 Kf7 38. Rg3 Rab2 39. Rf1+
Kg8 40. Rc1 c4 41. h4 Rd4 42. Rgc3 Rg4 43. g3 Kf7 44. Re3 Rb3 45. Rf1+ Kg6 46.
Rff3 Rxe3 47. Rxe3 Kf5 48. Kf2 Re4 49. Ra3 Ke5 50. Kf3 Rd4 51. Ke3 Rg4 52. Ra5+
Kd6 53. Kf3 Rd4 54. g4 c3 55. Ra2 Kd5 56. g5 Rxh4 57. Ra5+ Kc6 58. gxh6 Rxh6 59.
Rg5 c2 60. Rg1 Rh2 61. Ke3 Kb5 62. Kd3 Kb4 63. Rxg7 c1=Q 64. Rb7+ Ka5 0-1

[Event "London Classic Open 2015"]
[Site "London ENG"]
[Date "2015.12.05"]
[Round "2.98"]
[White "Charisiadis, Archimidis"]
[Black "Gschwendtner, Stanislav"]
[Result "1/2-1/2"]
[WhiteElo "1740"]
[BlackElo "2003"]
[WhiteFideId "4240081"]
[BlackFideId "307297"]
[EventDate "2015.12.04"]

1. d4 Nf6 2. Nf3 g6 3. g3 Bg7 4. Bg2 O-O 5. O-O d5 6. c4 dxc4 7. Na3 c3 8. bxc3
c5 9. Qb3 Nc6 10. Rd1 cxd4 11. cxd4 Na5 12. Qb2 Ne4 13. Bf4 Bd7 14. Ne5 Nd6 15.
Qb4 Nc6 16. Nxc6 Bxc6 17. d5 a5 18. Qb3 Bd7 19. Rac1 Qe8 20. Rd2 b5 21. e4 b4
22. e5 Ba4 23. Qd3 g5 24. exd6 bxa3 25. Bxg5 exd6 26. Re2 Qb5 27. Qxb5 Bxb5 28.
Re7 Bb2 29. Rcc7 Rae8 30. Bf1 Ba4 31. Kg2 Bb3 32. Bc4 a4 33. Kf3 Kg7 34. Rxe8
Rxe8 35. Bf4 Bd1+ 36. Kg2 Be5 37. Bxe5+ Rxe5 38. Kf1 Bf3 39. Ra7 Re4 40. Bb5 Rd4
41. Bxa4 Bxd5 42. Bb3 Bxb3 43. axb3 Rd1+ 44. Ke2 Ra1 45. b4 a2 46. b5 Kf6 47. b6 1/2-1/2

[Event "London Classic Open 2015"]
[Site "London ENG"]
[Date "2015.12.05"]
[Round "2.99"]
[White "Korning, Peter"]
[Black "Barasi, Paul Dl"]
[Result "1-0"]
[WhiteElo "2000"]
[BlackElo "1736"]
[WhiteFideId "1723332"]
[BlackFideId "432830"]
[EventDate "2015.12.04"]

1. e4 c5 2. d4 cxd4 3. c3 Nf6 4. e5 Nd5 5. Qxd4 e6 6. Bc4 Nc6 7. Qe4 Nb6 8. Bb3
d6 9. exd6 Bxd6 10. Nf3 Qe7 11. O-O O-O 12. Re1 h6 13. Nbd2 Bd7 14. Nf1 Na5 15.
Ne5 Bxe5 16. Qxe5 Nxb3 17. axb3 Bc6 18. Ng3 Nd7 19. Nf5 Qf6 20. Qxf6 Nxf6 21.
Ne7+ Kh7 22. Nxc6 bxc6 23. Ra6 c5 24. Be3 Rfc8 25. Rea1 Rc7 26. Kf1 Nd5 27. Ke2
Kg6 28. Kd3 Kf6 29. Bc1 Kf5 30. R1a5 e5 31. f3 f6 32. g4+ Kg6 33. Ke4 Ne7 34. f4
Kf7 35. fxe5 fxe5 36. Be3 Rb8 37. Rxa7 Rbb7 38. Rxb7 Rxb7 39. Bxc5 1-0

[Event "London Classic Open 2015"]
[Site "London ENG"]
[Date "2015.12.05"]
[Round "2.100"]
[White "Falkowski, Dawid"]
[Black "Reutimann, Hans Peter"]
[Result "1-0"]
[WhiteElo "1998"]
[BlackElo "1717"]
[WhiteFideId "1139142"]
[BlackFideId "1313886"]
[EventDate "2015.12.04"]

1. e4 e6 2. d4 d5 3. Nc3 Ne7 4. Nf3 Ng6 5. Bd3 Be7 6. Qe2 c6 7. Bd2 Nd7 8. O-O-O
a5 9. Rde1 b5 10. exd5 cxd5 11. Bxb5 O-O 12. h4 Bb4 13. h5 Ne7 14. h6 Bxc3 15.
bxc3 g6 16. Bg5 Nb6 17. Qe5 f6 18. Bxf6 Nc4 19. Qg5 Na3 20. Bxe7 Qb6 21. Bxa3
Qxb5 22. Qe7 1-0